[Event "Mumbai Mayors Cup 1st"]
[Site "Mumbai"]
[Date "2008.05.19"]
[Round "11"]
[White "Prince, Bajaj"]
[Black "Surya, Narayana M"]
[Result "1-0"]
[WhiteElo "2000"]
[BlackElo "1727"]
[PlyCount "47"]
[EventDate "2008.05.11"]
[EventType "swiss"]
[EventRounds "11"]
[EventCountry "IND"]
[SourceTitle "CBM 124 Extra"]
[Source "ChessBase"]
[SourceDate "2008.07.03"]
[SourceVersion "1"]
[SourceVersionDate "2008.07.03"]
[SourceQuality "1"]

1. e4 c5 2. Nf3 d6 3. d4 cxd4 4. Nxd4 Nf6 5. Nc3 a6 6. Bc4 e6 7. Bb3 b5 8. Qf3 Be7 9. e5 dxe5 10. Ndxb5 e4 11. Nxe4 Qa5+ 12. Nbc3 Bb7 13. Nxf6+ Bxf6 14. Qxb7 Bxc3+ 15. bxc3 Qxc3+ 16. Ke2 0-0 17. Qxa8 Nc6 18. Qxf8+ Kxf8 19. Be3 a5 20. a4 Qe5 21. Rad1 f5 22. f4 Qe4 23. Kf2 g5 24. Rhe1 1-0